00614nam a2200217Ia 4500003000900000008004100009040001300050040001300063041000800076100001600084245003000100250001000130260002100140260000900161300000800170490000800178490000700186942000700193999001300200952018300213IT-RoPAU120407s9999 xx 000 0 und d aIT-RoPAU cIT-RoPAU aita aKarl Rahner aLa fede in mezzo al mondo aRoma  aEdizioni Paoline c1963 c cm aDds v41 cBK c219d219 00102ddc406208_25410000000000071aPAULUSbPAULUSd2012-04-11l0o208.2541r2012-04-11 00:00:00w2012-04-11yBKzInserito da: In data: n.d. fondo: Via A.Severo 56 Progr:19412